| 000 | 00373nam a22001457a 4500 | ||
|---|---|---|---|
| 020 | _a9787561786161 | ||
| 082 |
_a658.409 _bLIU |
||
| 100 | _aLiu Xiao Feng | ||
| 245 | _a拯救与逍遥=Delivering and dallying | ||
| 250 | _a(Chinese Edition) | ||
| 260 |
_aChina _bEast China Normal University Press _c2011 |
||
| 300 | _a479p | ||
| 563 | _aHB | ||
| 942 |
_2ddc _cBK |
||
| 999 |
_c591804 _d591804 |
||